Missing Word: Beer Quiz Stats

 Plays Quiz Updated Jun 27, 2018

Challenge
Share
Tweet
Embed
Score 0/20 Timer 03:00
0 Plays Today
Beer Brand Missing Word % Correct
________ MoonBlue
88.3%
________ ArtoisStella
86.4%
Rolling ________Rock
82.7%
Dos ________Equis
79.5%
Miller Genuine ________Draft
79.1%
Sierra Nevada ________ AlePale
78.5%
Milwaukee's ________Best
77.9%
________ 45 (malt liquor)Colt
75.7%
Pete’s Wicked ________Ale
66.3%
Newcastle ________ AleBrown
60%
Beer Brand Missing Word % Correct
Goose ________ Island
54.5%
Dogfish ________Head
42.8%
________ UrquellPilsner
39.3%
________ HatMagic
35.8%
Bell's ___ Hearted AleTwo
35.6%
________ BlueLaBatt
35.2%
___ GlarusNew
26.3%
Carta ________Blanca
22.3%
________ SkyBig
12.7%
Grain ________Belt
9.2%

Today's Daily Dose

Missing Word
Top 10 Artists

Word Ladder
'70s Song II

On This Day
October 20th II

You're not logged in!

Compare scores with friends on all Sporcle quizzes.
Join for Free
OR
Log In

You Might Also Like...

Show Comments

Extras

Top Quizzes Today


Score Distribution

Your Account Isn't Verified!

In order to create a playlist on Sporcle, you need to verify the email address you used during registration. Go to your Sporcle Settings to finish the process.

Report this User

Report this user for behavior that violates our Community Guidelines.

Details: